PRACTICAL MEDICINE (Record no. 3496)
[ view plain ]
| 000 -LEADER | |
|---|---|
| fixed length control field | 00354nam a2200145Ia 4500 |
| 008 - FIXED-LENGTH DATA ELEMENTS--GENERAL INFORMATION | |
| fixed length control field | 150201s2005 xx 000 0 und d |
| 082 ## - DEWEY DECIMAL CLASSIFICATION NUMBER | |
| Classification number | 610 |
| Item number | P2005M |
| 100 ## - MAIN ENTRY--PERSONAL NAME | |
| Personal name | MEHTA,P.J. |
| 245 ## - TITLE STATEMENT | |
| Title | PRACTICAL MEDICINE |
| 250 ## - EDITION STATEMENT | |
| Edition statement | 17TH |
| 260 ## - PUBLICATION, DISTRIBUTION, ETC. (IMPRINT) | |
| Name of publisher, distributor, etc. | THE NATIONAL BOOK DEPOT |
| Place of publication, distribution, etc. | PAREL(MUMBAI) |
| Date of publication, distribution, etc. | 2005 |
| 300 ## - PHYSICAL DESCRIPTION | |
| Extent | 1-521 |
| 650 ## - SUBJECT ADDED ENTRY--TOPICAL TERM | |
| Topical term or geographic name as entry element | MEDICINE |
| 942 ## - ADDED ENTRY ELEMENTS (KOHA) | |
| Source of classification or shelving scheme | Dewey Decimal Classification |
| Koha item type | Books |
| Koha issues (borrowed), all copies | 163 |
| Withdrawn status | Lost status | Source of classification or shelving scheme | Damaged status | Not for loan | Home library | Current library | Date acquired | Source of acquisition | Cost, normal purchase price | Serial Enumeration / chronology | SGTU | Bill Number | Total Checkouts | Full call number | Barcode | Date last seen | Date last checked out | Bill Date | Koha item type | Total Renewals |
|---|---|---|---|---|---|---|---|---|---|---|---|---|---|---|---|---|---|---|---|---|
| Dewey Decimal Classification | SGT Dental Library | SGT Dental Library | 16/02/2006 | U.B.S.DELHI | 375.00 | 1 | SGTU | 988 | 40 | 610 P2005M | FD3921 | 13/02/2026 | 13/02/2026 | 30/07/2012 | Books | |||||
| Dewey Decimal Classification | SGT Dental Library | SGT Dental Library | 16/02/2006 | U.B.S.DELHI | 375.00 | 1 | SGTU | 988 | 71 | 610 P2005M | FD3922 | 13/02/2026 | 13/02/2026 | 30/07/2012 | Books | |||||
| Dewey Decimal Classification | SGT Dental Library | SGT Dental Library | 16/02/2006 | U.B.S.DELHI | 375.00 | 1 | SGTU | 988 | 52 | 610 P2005M | FD3923 | 19/09/2025 | 19/09/2025 | 30/07/2012 | Books | |||||
| Dewey Decimal Classification | SGT Dental Library | SGT Dental Library | 16/02/2006 | U.B.S.DELHI | 375.00 | 1 | SGTU | 988 | 61 | 610 P2005M | FD3924 | 07/04/2026 | 27/02/2026 | 30/07/2012 | Books | |||||
| Dewey Decimal Classification | SGT Dental Library | SGT Dental Library | 16/02/2006 | U.B.S.DELHI | 375.00 | 1 | SGTU | 988 | 69 | 610 P2005M | FD3925 | 13/03/2026 | 27/02/2026 | 30/07/2012 | Books | |||||
| Dewey Decimal Classification | SGT Dental Library | SGT Dental Library | 23/01/2007 | U.B.S.DELHI | 375.00 | 1 | SGTU | 1013 | 67 | 610 P2005M | FD4027 | 17/02/2026 | 17/02/2026 | 03/08/2012 | Books | |||||
| Dewey Decimal Classification | SGT Dental Library | SGT Dental Library | 23/01/2007 | U.B.S.DELHI | 375.00 | 1 | SGTU | 1013 | 52 | 610 P2005M | FD4028 | 23/09/2025 | 19/09/2025 | 03/08/2012 | Books | |||||
| Dewey Decimal Classification | SGT Dental Library | SGT Dental Library | 23/01/2007 | U.B.S.DELHI | 375.00 | 1 | SGTU | 1013 | 81 | 610 P2005M | FD4029 | 03/07/2025 | 27/06/2025 | 03/08/2012 | Books | |||||
| Dewey Decimal Classification | SGT Dental Library | SGT Dental Library | 23/01/2007 | U.B.S.DELHI | 375.00 | 1 | SGTU | 1013 | 70 | 610 P2005M | FD4030 | 13/02/2026 | 13/02/2026 | 03/08/2012 | Books | |||||
| Dewey Decimal Classification | SGT Dental Library | SGT Dental Library | 23/01/2007 | U.B.S.DELHI | 375.00 | 1 | SGTU | 1013 | 60 | 610 P2005M | FD4031 | 08/08/2025 | 08/08/2025 | 03/08/2012 | Books | 1 |